000
00323 a2200133 4500
005
20250609162107.0
020
_a
10 987654321
082
_a
344 KEE
100
_a
KEEMAN D.
245
_a
Company Laws for Students.
260
_a
England,
_b
Financial Times,
_c
1999.
300
_a
xxiv,511p.;
_b
Index,
_c
25cm.
942
_2
ddc
_c
BKS
999
_c
3555
_d
3555